| 000 | 00786nam a2200205 a 4500 | ||
|---|---|---|---|
| 003 | 0 | ||
| 005 | 20250424094113.0 | ||
| 008 | 970114s19uu xx 00 eng d | ||
| 050 |
_aPGS LB 1060 _b.L157 2003 |
||
| 100 | _aLadzinski, James. | ||
| 245 |
_aThe effects of music on the studies and behavioral development of Southville grade school students / _cJames Ladzinski. |
||
| 260 |
_aLas PiƱas City, Philippines : _bSouthville International School and Colleges, _c2003. |
||
| 300 |
_a21 pages : _billustrations ; _c28 cm. |
||
| 504 | _aIncludes bibliographical references. | ||
| 650 |
_aMusic _vPsychological aspects. |
||
| 650 |
_aMusic _vInfluence. |
||
| 650 |
_aAcademic achievement _vPsychological aspects. |
||
| 650 |
_aBehavior modification _vMusic. |
||
| 942 |
_2lcc _cPASS |
||
| 999 |
_c96881 _d96881 |
||